|
|
|
|
| LEADER |
01279nab#a2200445#ar4500 |
| 001 |
000090643 |
| 003 |
SVKKK |
| 005 |
20080730141021.0 |
| 008 |
080509c2008 xo |||||||||||||||b|eng |
| FMT |
|
|
|
| 015 |
|
|
|a SNBRB2008/06
|
| 038 |
|
|
|a SVKKK
|
| 040 |
|
|
|a SVKKK
|b slo
|e AACR2
|
| 041 |
0 |
|
|a eng
|b eng
|
| 044 |
|
|
|a ne
|c NL
|
| 080 |
|
|
|a 551.435.8(235.16)
|2 1997
|
| 080 |
|
|
|a 551.3.053
|2 1997
|
| 080 |
|
|
|a 528.7
|2 1997
|
| 100 |
1 |
|
|a Bou Kheir, R.
|4 aut
|
| 242 |
1 |
0 |
|a Hodnotenie erózie pôdy v meditreránnej krasovej krajine Libanonu pomocou diaľkového prieskum Zeme a GIS
|
| 245 |
1 |
0 |
|a Assessing soil erosion in Mediterranean karst landscapes of Lebanon using remote sensing and GIS
|c R. Bou Kheir, C. Abdallah, M. Khawlie
|
| 300 |
|
|
|b Obr., tab.
|
| 504 |
|
|
|a Bibliogr. odkazy
|
| 546 |
|
|
|a Res. angl.
|
| 650 |
0 |
4 |
|a kras
|
| 650 |
0 |
4 |
|a modelovanie erózie
|
| 650 |
0 |
4 |
|a geografické informačné systémy
|
| 650 |
0 |
4 |
|a diaľkový prieskum Zeme
|
| 651 |
|
4 |
|a Libanon
|
| 700 |
1 |
|
|a Abdallah, C.
|4 aut
|
| 700 |
1 |
|
|a Khawlie, M.
|4 aut
|
| 773 |
0 |
|
|t Engineering geology
|g Roč. 99, č. 3-4 (jún 2008), s. 239-254
|x 0013-7952
|
| 958 |
|
|
|a NB
|
| 958 |
|
|
|a LB
|
| 974 |
|
|
|a Ni
|
| 992 |
|
|
|a RBX
|
| BAS |
|
|
|
| 852 |
|
|
|a SVKKK
|b BIB
|
| EXP |
|
|
|
| 998 |
|
|
|a GEO
|